| 000 | 00739cam a22002654a 4500 | ||
|---|---|---|---|
| 003 | UPN | ||
| 005 | 20240229063543.0 | ||
| 008 | 090218s2003 -cn r 000 f spa d | ||
| 020 | _a0888995040 | ||
| 035 | _aUPN01000169570 | ||
| 040 |
_aUPN _bspa _cUPN |
||
| 049 | _aI | ||
| 050 | 4 |
_aPQ7798.13 O55 _bC37 |
|
| 100 | 1 |
_aComino, Sandra, _d1964- _934111 |
|
| 245 | 1 | 3 | _aLa casita azul. |
| 260 |
_aToronto, Canada. : _bGroundwood Books, _cc2003. |
||
| 300 | _a151 páginas | ||
| 490 | 0 | _aLibros tigrillo | |
| 586 | _aPremio Para Leer el XXI (Ganador) | ||
| 650 | 4 |
_aLiteratura infantil argentina _97511 |
|
| 650 | 4 |
_aAmistad en la literatura _910763 |
|
| 905 | _aLibro | ||
| 942 |
_2lcc _cLIBRO |
||
| 999 |
_c141676 _d141676 |
||